Ивановой А. М.

Доступно только в Электронных читальных залах Найти на картеНа карте
RUSMARC
00003663nac2a22002651x 450
00175db44d8-0442-4e75-8613-e05375900de9
00520131220191957.0
100##$a20130529l18971898k y0rusy50 ca
1010#$arus
102##$aRU
105##$ay z |||||
2001#$aИвановой А. М.
$j1897-1898
215##$a11 листов
251##$cДело
300##$aЗаголовок дела на папке: Письма Ивановой А. М. Кони А. Ф.
300##$aРукописный текст. С текстом, напечатанным шрифтом Брайля
330##$aПереписка А. Ф. Кони; Письма к А. Ф. Кони
461#0$10013a54f2e3-e9cf-409b-80fa-f0a9bd3c40cb
$12001
$aКони Анатолий Федорович, юрист, литератор, член академии наук, председатель Санкт-Петербургского окружного суда, член государственного совета
$1251
$cФонд
$1852
$j564
462#0$100178a475cd-a47d-4377-bff3-cee4b81de655
$12001
$aОпись дел фонда А. Ф. Кони за 1880-1931 гг.
$1251
$cОпись
$1852
$j1
517##$aПисьма Ивановой А. М. Кони А. Ф.
600#1$aКони
$bА. Ф.
$f1844-1927
$gАнатолий Федорович
600#1$aИванова
$bА. М.
801#0$aRU
$bGA_RF
801#1$aRU
$bНПО Опыт
$c20130529
$2rusmarc
801#2$aRU
$bПБ им. Б.Н. Ельцина
$c20131220
$gRCR
$2rusmarc
852##$aГА РФ
$j1944
937##$d42347255
$hПБ
035##$aRuPRLIB51003080
Формат отображения